01687cam a2200313 a 450000100090000000300060000900500170001500800410003201000170007302000380009004000180012805000220014608200170016810000260018524500440021125000150025526000400027030000210031050400410033150504500037265000210082285600820084390600450092594200160097099900150098695201240100195201240112595201240124915101772GBCCL20241126110428.0071204s2008 iluab b 000 0 eng  a 2007049610 a9780830834228 (pbk. : alk. paper) aDLCcDLCdDLC00aBT1003b.L58 200800a239222bLIT1 aLittle, Paul E.9497610aKnow why you believe /cPaul E. Little. aIndian ed. aBombay :bJyoti pocketbooks,c1980. a110 p. :c21 cm. aIncludes bibliographical references.0 aIntroduction: How this book began -- Is Christianity rational? -- Is there a God? -- Is Christ God? -- Did Christ rise from the dead? -- Is the Bible God's Word? -- Are the Bible documents reliable? -- Does archaeology verify Scripture? -- Are miracles possible? -- Do science & Scripture agree? -- Why does God allow suffering & evil? -- Does Christianity differ from other world religions? -- Is Christian experience valid? -- Study questions. 0aApologetics.985413Table of contents onlyuhttp://www.loc.gov/catdir/toc/ecip086/2007049610.html a7bcbccorignewd1eecipf20gy-gencatlg 2ddccBK068 c2403d2403 00102ddc4070aGBCbGBCcTHd2017-08-14l22m3o239 LITp001473r2025-05-01 00:00:00s2024-10-03tc.1w2017-08-14yBK 00102ddc4070aGBCbGBCcTHd2018-02-16l29m1o239 LITp001476r2025-07-09 10:17:53s2025-07-04tc.2w2018-02-16yBK 00102ddc4070aGBCbGBCcTHd2018-02-28l19m2o239 LITp001482r2025-09-10 19:45:49s2025-09-04tc.3w2018-02-28yBK